Normal view MARC view
  • Hafiz Muhammad Faraz Azhar

Entry Personal Name

Number of records used in: 1

001 - CONTROL NUMBER

  • control field: 104181

003 - CONTROL NUMBER IDENTIFIER

  • control field: NUST

005 - DATE AND TIME OF LATEST TRANSACTION

  • control field: 20221206095559.0

008 - FIXED-LENGTH DATA ELEMENTS

  • fixed length control field: 221206|| aca||aabn | a|a d

040 ## - CATALOGING SOURCE

  • Original cataloging agency: NUST
  • Transcribing agency: NUST

100 ## - HEADING--PERSONAL NAME

  • Personal name: Hafiz Muhammad Faraz Azhar

670 ## - SOURCE DATA FOUND

  • Source citation: Work cat.: (NUST): Hafiz Muhammad Faraz Azhar., Modeling and Analysis of HIF-1 Pathway using Formal Verification Techniques /, 2022.
© 2023 Central Library, National University of Sciences and Technology. All Rights Reserved.